000 00318nam a2200133Ia 4500
008 150201s2009 xx 000 0 und d
082 _a611
_bE09K
100 _aKUKARNI,ROOPA
245 _aESSENTIALS OF HUMAN GENETICS
250 _a1ST
260 _bPEEPEE
_aDELHI
_c2009
650 _aHUMAN ANATOMY
942 _2ddc
_cBK
_01
999 _c624
_d624